الأخطاء الصفية في تعليم اللغة العربية وتعلمها بالجامعة الإسلامية العالمية في ماليزيا استراتيجيات التصحيح = Classroom errors in teaching / learning Arabic language at the International Islamic University, Malaysia : strategies of correction /
Abstract in English and Arabic.
محفوظ في:
| المؤلف الرئيسي: | |
|---|---|
| مؤلفون آخرون: | |
| التنسيق: | أطروحة |
| اللغة: | Arabic |
| منشور في: |
['Amman] :
Jami'at al-Yarmuk,
2000
|
| الموضوعات: | |
| الوسوم: |
إضافة وسم
لا توجد وسوم, كن أول من يضع وسما على هذه التسجيلة!
|
| LEADER | 020930000a22003850004500 | ||
|---|---|---|---|
| 001 | 205520 | ||
| 005 | 20230420105002.0 | ||
| 008 | 020508s2000 my a g 000 0 ara d | ||
| 035 | |a (Sirsi) 205520 | ||
| 040 | |a UIAM |b eng | ||
| 043 | |a a-ma--- | ||
| 050 | |a PJ6167 | ||
| 100 | 1 | |a شمس الدين محمد نور |9 114788 | |
| 242 | 1 | 3 | |a al-Akhta' al-safiyah fi ta'lim al-lughah al-'Arabiyah wa-ta'allamuha bi-al-Jami'ah al-Islamiyah al-'Alamiyah fi Maliziya "istiratijiyat al-tashih" |
| 245 | 1 | 2 | |a الأخطاء الصفية في تعليم اللغة العربية وتعلمها بالجامعة الإسلامية العالمية في ماليزيا استراتيجيات التصحيح = |b Classroom errors in teaching / learning Arabic language at the International Islamic University, Malaysia : strategies of correction / |c شمس الدين محمد نور محمد زين |
| 246 | 3 | 1 | |a Classroom errors in teaching / learning Arabic language at the International Islamic University, Malaysia : strategies of correction |
| 260 | |a ['Amman] : |b Jami'at al-Yarmuk, |c 2000 | ||
| 300 | |a 153 p. : |b ill. ; |c 29 cm. | ||
| 336 | |2 rdacontent | ||
| 337 | |2 rdamedia | ||
| 338 | |2 rdacarrier | ||
| 500 | |a "Qaddamat hadhihi al-risalah istikmalan limutatallibat darajat al-dukturat fi Jami'at al-Yarmuk takhassus al-lughawiyat al-Arabiyah al-tatbiqiyah" - - t.p. | ||
| 502 | |a Thesis (Ph.D.)--Jami'at al-Yarmuk, 2000. | ||
| 504 | |a Includes bibliographical references (p. 134-146). | ||
| 520 | 0 | |a Abstract in English and Arabic. | |
| 610 | 2 | 0 | |a International Islamic University Malaysia |
| 650 | 0 | |a Arabic language |x Errors of usage |9 24266 | |
| 650 | 0 | |a Arabic language |x Study and teaching (Higher) |z Malaysia |9 10714 | |
| 650 | 0 | |a Arabic language |x Study and teaching |z Malaysia |9 2517 | |
| 655 | 0 | 7 | |a Theses, non-IIUM |
| 700 | 1 | 0 | |a Shamsuddin Mohd Noor |9 114789 |
| 900 | |a naw-sar-smh | ||
| 942 | |2 lcc |n 0 | ||
| 999 | |c 431538 |d 463029 | ||
| 952 | |0 0 |6 T PJ 006167 S528A 2000 |7 0 |8 THESES |9 751410 |a IIUM |b IIUM |c MULTIMEDIA |g 0.00 |o t PJ6167S528A 2000 |p 00000635050 |r 2017-10-20 |t 1 |v 0.00 |y THESIS | ||
